| 000 | 00721nam a2200241 u 4500 | ||
|---|---|---|---|
| 005 | 20230512063626.0 | ||
| 008 | 130828s2009 es r 000 0 spa d | ||
| 020 | _a9788498790474 | ||
| 035 | _aUPN01000192495 | ||
| 049 | _aCG | ||
| 050 | 4 |
_aB3279 H4.8 _bS4.7 |
|
| 100 | 1 |
_aHeidegger, Martin, _d1889-1976 |
|
| 245 | 1 | 0 |
_aSer y tiempo / _cMartin Heidegger ; tr. pról. y notas de Jorge Eduardo Rivera C. |
| 260 |
_aMadrid : _bTrotta, _c2009. |
||
| 300 | _a490 p. | ||
| 440 | 0 |
_aEstructuras y procesos. _pFilosofía |
|
| 534 |
_pTítulo original: _tSein und zeit |
||
| 650 | 4 |
_aFilosofía alemana _97273 |
|
| 650 | 7 |
_aOntología _2 _913636 |
|
| 650 | 2 |
_aEspacio y tiempo _94017 |
|
| 905 | _aLibro | ||
| 999 |
_c164597 _d164597 |
||